LEADER 01981nas 22005773 450 001 996279577903316 005 20220607213020.0 011 $a2379-8939 035 $a(OCoLC)912303578 035 $a(CKB)3710000000618734 035 $a(CONSER)--2015202305 035 $a(DE-599)ZDB2850311-9 035 $a(EXLCZ)993710000000618734 100 $a20150629a20169999 --- a 101 0 $aeng 135 $aur||||||||||| 181 $ctxt$2rdacontent 182 $cc$2rdamedia 183 $acr$2rdacarrier 200 00$aIEEE transactions on cognitive and developmental systems 210 1$aPiscataway, NJ :$cInstitute of Electrical and Electronics Engineers,$d[2016] 300 $a"Sponsored by the IEEE Computational Intelligence Society and the IEEE Consumer Electronics Society." 311 $a2379-8920 517 1 $aTransactions on cognitive and developmental systems 517 1 $aTCDS 531 0 $aIEEE trans. cogn. dev. syst. 606 $aCognitive neuroscience$vPeriodicals 606 $aNeuroplasticity$vPeriodicals 606 $aBrain$xGrowth$vPeriodicals 606 $aCognition$xphysiology 606 $aNeuronal Plasticity 606 $aBrain$xgrowth & development 606 $aBrain$xGrowth$2fast$3(OCoLC)fst00837629 606 $aCognitive neuroscience$2fast$3(OCoLC)fst00866540 606 $aNeuroplasticity$2fast$3(OCoLC)fst01036479 608 $aPeriodicals.$2fast 615 0$aCognitive neuroscience 615 0$aNeuroplasticity 615 0$aBrain$xGrowth 615 2$aCognition$xphysiology. 615 2$aNeuronal Plasticity. 615 2$aBrain$xgrowth & development. 615 7$aBrain$xGrowth. 615 7$aCognitive neuroscience. 615 7$aNeuroplasticity. 676 $a006.3 712 02$aInstitute of Electrical and Electronics Engineers. 906 $aJOURNAL 912 $a996279577903316 996 $aIEEE transactions on cognitive and developmental systems$92581100 997 $aUNISA LEADER 01302nam a2200313 i 4500 001 991000808829707536 008 091005s2007 enka b 001 0 eng d 020 $a0521655722 035 $ab13915046-39ule_inst 040 $aDip.to Ingegneria dell'Innovazione$beng 082 0 $a543$222 245 00$aAnalytical chemistry in archaeology /$cA. M. Pollard ... [et al.] 260 $aCambridge :$bCambridge University Press,$c2007 300 $axiv, 404 p. :$bill. ;$c26 cm 440 0$aCambridge manuals in archaeology 504 $aIncludes bibliographical references and index 650 4$aArchaeological chemistry 650 4$aChemistry, Analytic 700 1 $aYoung, S. M. M. 700 1 $aStern, B. 700 1 $aBatt, C. M. 700 1 $aPollard, A. Mark$eauthor$4http://id.loc.gov/vocabulary/relators/aut$0530236 856 41$zTable of contents only$uhttp://catdir.loc.gov/catdir/enhancements/fy0729/2007274546-t.html 907 $a.b13915046$b28-01-14$c26-07-10 912 $a991000808829707536 945 $aLE026 543 POL 01.01 2007$g1$i2026000056845$lle026$nProf. Valli / Biblioteca$op$pE30.34$q-$rl$s- $t4$u2$v0$w2$x0$y.i15156497$z26-07-10 996 $aAnalytical chemistry in archaeology$93370279 997 $aUNISALENTO 998 $ale026$b05-10-09$cm$da $e-$feng$genk$h0$i0